00187nam a2200073Ia 4500008004100000050001800041100002100059245003300080230915s9999 xx 000 0 und d aQE 28.2 .H 65 aHOLMES ,DORIS L. 0aELEMENTS OF PHYSICAL GEOLOGY